000 00651nam a22002535a 4500
001 17261166
005 20180216075947.0
008 120418s2012 nyu 000 0 eng
010 _a 2012937927
020 _a9781133280286
020 _a9781133280309
040 _aDLC
_cDLC
041 _aeng
042 _apcc
080 _a610.73 SPR
082 _a610.73 SPR
100 1 _a2
101 _aINF
245 1 0 _a2013 Delmar nurse's drug handbook /
_cGeorge R. Spratto, PHD, Adrienne L. Woods, MSN, FNP-BC.
263 _a1206
906 _a0
_bibc
_corignew
_d2
_eepcn
_f20
_gy-gencatlg
942 _2ddc
_cBK
999 _c42822
_d42822